00486nam a2200145 450000500170000000800410001702000230005804100080008108200120008910000210010124501370012226000430025930000190030265000190032120260506154729.0260506b |||||||| |||| 00| 0 eng d a9789041106322qhbk aeng a341 NOR aNorton,Joseph J. aThe Changing Nature of International Law in the Twenty-First Century:bA Tribute to the Late Kenneth R. Simmonds,cJoseph J. Norton  aLondonbKluwer Law Internationalc1998 a404p. :c25cm. aLaw of nations